01455nam a22001817a 45000010006000000050017000060080041000230170015000640220020000790400024000992450119001232600108002423000033003505050596003835460041009798520012010208560241010328585120260429154834.0260429s2025 sp ||||| |||| 00| 0 spa d aA 436-2020 2ISSNa2660-5899 aM-RABAbspacM-RABA03aLa Belluernab: Revista de l'Associació Cultural Amics de Teulada. II època - nùm. 16 - Teulada, Tardor 2025 aTeuladab: Associació Cultural Amics de Teuladab: Ajuntament de Teulada-Regidoria de Culturac, 2025 a43 p. b: il. col. c; 30 cm aContiene: El turisme / Joan Ivars. El pintor Vitòria i l'Àngel de l'Apocalipsi (II) / Tomás Merlos Sánchez. Miguel Noguera, una vida entregada a la mar / José Antonio Roca. Porigasses marines / Josep Ivars Crespo. Què penses quan penses en la mar / Mar Navarro Buigues. Dol de mar / Joan-Lluís Moreno Congost. Costums desapareguts / Vicent R. Vallés. Caciquisme en temps de la República / Juanjo Buigues Sapena. Una ment brillant i un cor compromés: Teresa Calatayud / Calara Vara Llobell. Colles musicales de ronda i ball a Teulada / Jaume Buigues i Villa. L'Acat es mou aTextos en español y en valenciano. jF-16120 uhttps://archivoybiblioteca.realacademiabellasartessanfernando.com/cgi-bin/koha/opac-retrieve-file.pl?id=e09f4aecdd2ec0b5075e8048dbfdae70yArtículo de Tomás Merlos Sánchez-El pintor Vitoria y el Ángel del Apocalipsis en español